01090nam a22002775a 450000500170000000800410001702000180005804000280007608200220010410000280012624501140015425000220026826000440029030000380033450000240037250000280039650400410042465000620046565100100052765300330053765500240057070000220059494200220061699900170063895201570065520150810145153.0150624r20142009ii a fr 001 0 eng d a9788126549269 aEG-ScBUEbengcEG-ScBUE04a621.3825bMAR2221 aMaral, Gérard.93829610aSatellite communications systems : bsystems, techniques and technology / cGérard Maral, Michel Bousquet.  a5th ed., Reprint. aNew Delhi : bJohn Wiley & Sons,c2014. axxvii, 713 p. :bill. ; c25 cm.  aIndex : p. 697-713. aReprint of the 2009 ed. aIncludes bibliographical references. 0aArtificial satellites in telecommunication.2BUEsh910184 2BUEsh bENGGENcJune2015cAugust2015 vreading book9342321 aBousquet, Michel. 2ddck621.3825 MAR c19850d19822 00102ddc40708AlahramaMAINbMAINc1STd2015-06-24epurchaseg161.00h337l2m4o621.3825 MARp000038666r2025-07-15 00:00:00s2020-10-20v201.25yBB